Christliche Leichpredigt/ BEy dem Begrebniß der Erbarn vnd tugentsamen Fraw Walburgis/ des weiland Erbarn und Wolgeachten Johan Hofmanns/ gewesenen Weinmeisters auff der Festung Pleissenburg/ hinderlassenen Witwen seeligen/ Welche den 5. Maij Anno 94. in wahrer selig entschlaffen. [...]

Podrobná bibliografia
Hlavný autor: Weinrich, Georg, 1554-1617 (Autor)
Korporatívny autor: Beyer, Johann (Lipsko, Nemecko) (Tlačiar)
Ďalší autori: Beyer, Johann 16. stor (Tlačiar)
Médium: Kniha
Jazyk:nemčina
Fyzický popis:[24] strán 19 cm
Vydavateľské údaje: Gedruckt zu Leipzig bey Johan Beyer Im Jahr M. D. XCIIII [=1594]
Predmet:

MARC

LEADER 00000nam a2200000 a 4500
001 vtls011774095
003 SK-MaSNL
005 20260301183543.0
008 251112s1594 gw 000 0 ger
015 |a SNBHFA1594 
040 |a SNKHF  |b slo  |c SNKHF  |e AACR2 
041 0 |a ger 
044 |a gw  |c DE 
072 7 |a 2  |x Náboženstvo  |2 konspekt 
072 7 |a 27  |x Kresťanstvo. Kresťanská cirkev všeobecne. Ekleziológia  |2 konspekt 
080 |a 21/29-1/-9  |2 2011 
080 |a 27  |2 2011 
100 1 |a Weinrich, Georg,  |d 1554-1617  |4 aut  |9 342526 
245 1 0 |a Christliche Leichpredigt/ BEy dem Begrebniß der Erbarn vnd tugentsamen Fraw Walburgis/ des weiland Erbarn und Wolgeachten Johan Hofmanns/ gewesenen Weinmeisters auff der Festung Pleissenburg/ hinderlassenen Witwen seeligen/ Welche den 5. Maij Anno 94. in wahrer selig entschlaffen. [...]  |c M. Georgium Weinrich/ Superattendenten in Leipzig 
260 |a Gedruckt zu Leipzig  |b bey Johan Beyer  |c Im Jahr M. D. XCIIII [=1594] 
300 |a [24] strán  |c 19 cm 
500 |a Iniciálky s ornamentálnym pozadím na 3-5 riadkov, typografické linky, iniciálka bez pozadia na 2 riadky, kustódy 
501 |a Príväzok 18. k: WEINRICH, Georg. Ehrengedechtnis Bey dem Churfürstlichen Leichenbegengnis. (Leipzig): (In Verlegund Thomae Schürers Buchhandlers), (1611).  |5 SNK ID 100534 
504 |a Tlačené marginálie 
508 |a Dedikácia: Hofmann, Johann 
546 |a Nemčina  |b Fraktura 
561 |a Z knižnice Učenej spoločnosti malohontskej.  |5 SNK ID 100534/prív.18 
650 0 7 |a pastorálna teológia  |2 SNKPH  |9 1811 
650 0 7 |a pohrebné kázne  |2 SNKPH  |9 115491 
700 1 |a Hofmann, Johann,  |d 16.-17. storočie  |4 hnr  |9 128277 
700 1 |a Beyer, Johann  |d 16. stor  |4 prt  |9 126706 
710 2 |a Učená spoločnosť malohontská  |4 fmo  |9 205374 
710 0 |a Beyer, Johann (Lipsko, Nemecko),  |d 1573-1596  |4 prt  |9 360076 
752 |a Nemecko  |d Lipsko 
852 |a snk  |b Historické fondy  |p ID 100534/prív.18 
999 |c 857464  |d 859394 
952 |t MHC II.B.g.164  |a SNK  |b SNK  |c SNK_HF  |y PREZ  |7 0  |p 17A1301329  |o snkID 100534/prív.18  |i snk2018/16809  |8 5  |0 0  |1 0  |4 0  |d 2018-08-22  |l 0  |r 2026-02-24 05:01:32  |w 2026-02-24